Les noms de Mammifères par lettres -K - Statistiques

Statistiques générales
  • Ce quiz a été pris 71 fois
  • Le résultat moyen est 3 sur 10
Statistiques - réponses
Par images Réponse % Correct
Kangourou
100%
Koala
100%
Koudou
32%
Kinkajou
24%
Kodkod
6%
Kipunji
2%
Korrigum
2%
Kowari
2%
Kigolo
0%
Kitti
0%
Aucun quiz correspondant
Distribution des résultats
% des personnes avec chaque résultat
Percentile par nombre de réponses
Votre historique - résultats
Vous n’avez pas pris ce quiz